000 00536nam a2200169 4500
001 1499
005 20181127163418.0
020 0 0 _a9993670582
090 0 0 _a954.98092 K521L 2008
245 0 0 _aA King of destiny /
_b
_c
_h
246 _aLunten gi gyelpo.
_b
_f
_h
_i
_n
_p
260 0 0 _aThimphu :
_bRabsell Media Services,
_c2008.
300 0 0 _a200 p. : chiefly col. ill. ; 30 cm.
500 0 0 _aIn English.
650 0 0 _aBhutan --Kings and rulers --Pictorial works.
_x
650 0 0 _aJigme Singye Wangchuck, King of Bhutan, 1955- --Pictorial works.
_x
999 _c1115
_d1115